| 000 | 00393nam a22001217a 4500 | ||
|---|---|---|---|
| 082 | _a200 THE | ||
| 100 |
_aHumayun Sattar _972595 |
||
| 245 | _aTH-SOF-0800-SCOPE OF BLUE OCEAN STRATEGY FOR VALUE INNOVATION ADDITION IN ENGINEERING EDUCATION | ||
| 260 |
_aISLAMABAD _bNUST COLLEGE OF EME _c2013 |
||
| 650 |
_aMS-EM-6 MSTHESIS _970416 |
||
| 700 | _aSUPERVISOR Dr Akhtar Nawaz Malik | ||
| 942 | _cCF | ||
| 999 |
_c578593 _d578593 |
||